000 00674nam a2200241Ia 4500
003 OSt
005 20221005125504.0
006 a|||||r|||| 00| 0
007 ta
008 221004b |||||||| |||| 00| 0 eng d
024 _a68302
037 _cTextual
040 _aCRL
_cCRL
_beng
041 _2eng
_aeng
082 _aX:82p2:N69, L0
100 _aPanandikar V A Au.
_9636753
111 _aConference on personnel administration (1969 : New Delhi India)
_9636754
245 0 _aPersonnel administration
260 _c1970
650 _aPERSONNEL MANAGEMENT
942 _hX:82p2:N69, L0
_cTEXL
_2cc
999 _c1054168
_d1054168